Eurocentres : apprendre une langue, c'est d'abord la vivre! : programme 94/95 /

Na minha lista:
Detalhes bibliográficos
Autor Corporativo: Eurocentres
Formato: Livro
Idioma:francês
Publicado em: Zúrich, Suiza : Eurocentres, copyight fecha no identificada
Assuntos:
Tags: Adicionar Tag
Sem tags, seja o primeiro a adicionar uma tag!

MARC

LEADER 00000nam^a2200000^a^4500
001 000450925
005 20250521000000.0
009 20260526145422.992
037 |a Acervo ITESO - Biblioteca 
041 |a FRA 
082 |a 407.  |b EUR 
110 |a Eurocentres 
245 1 0 |a Eurocentres :  |b apprendre une langue, c'est d'abord la vivre! : programme 94/95 /  |c Eurocentres. 
264 4 |a Zúrich, Suiza :  |b Eurocentres,  |c copyight fecha no identificada 
300 |a 80 p. 
336 |a texto  |b txt  |2 rdacontenido 
337 |a sin mediación  |b n  |2 rdamedio 
338 |a volumen  |b nc  |2 rdasoporte 
649 |a XX 
650 |a Adultos 
650 |a Excursiones Escolares 
650 |a Viajes y Travesías 
650 |a Inglés como Lengua Extranjera -  |x Estudio y Enseñanza 
650 |a Francés como Lengua Extranjera -  |x Estudio y Enseñanza 
650 |a Italiano como Lengua Extranjera -  |x Estudio y Enseñanza 
650 |a Español como Lengua Extranjera -  |x Estudio y Enseñanza 
650 |a Alemán como Lengua Extranjera -  |x Estudio y Enseñanza 
650 |a Ruso como Lengua Extranjera -  |x Estudio y Enseñanza 
650 |a Lenguas -  |x Estudio y Enseñanza -  |x Tema Principal 
650 |a Lingüística 
650 |a Europa -  |x Descripción 
910 |a Fondo Efraín González Morfín 
920 |a Impresos - Libros 
930 |a Fondos Especiales 
905 |a 130 
901 |a 0500383435  |b IT2  |c ESL  |i D89093  |u 20250521 
902 |a https://opac.biblio.iteso.mx/vufind/Record/000450925